Charakteristika, vecná náplň a realizácia dohodnutých plánov mnohostranných integračných opatrení členských krajín RVHP na roky 1976-80 a 1981-85

Saved in:
Bibliographic Details
Main Author: Slovincová, Lýdia
Format: Book
Language:Slovak
Published: Bratislava Vysoká škola ekonomická 1982
Tags: Add Tag
No Tags, Be the first to tag this record!

MARC

LEADER 00000nam a2200000 4500
001 c134790
005 20250703112939.1
041 0 |a slo 
044 |a SK 
245 1 0 |a Charakteristika, vecná náplň a realizácia dohodnutých plánov mnohostranných integračných opatrení členských krajín RVHP na roky 1976-80 a 1981-85  |c Lýdia Slovincová 
264 1 |a Bratislava  |b Vysoká škola ekonomická  |c 1982 
300 |a 67 s. 
100 1 |a Slovincová, Lýdia